<?xml version="1.0" encoding="UTF-8"?>
<record
    xmlns:xsi="http://www.w3.org/2001/XMLSchema-instance"
    xsi:schemaLocation="http://www.loc.gov/MARC21/slim http://www.loc.gov/standards/marcxml/schema/MARC21slim.xsd"
    xmlns="http://www.loc.gov/MARC21/slim">

  <leader>02025agaaa2200325   4500</leader>
  <controlfield tag="001">8181</controlfield>
  <controlfield tag="003">IT-RoPAU</controlfield>
  <controlfield tag="005">20220918181225.0</controlfield>
  <controlfield tag="007">d cvaizq</controlfield>
  <controlfield tag="008">50131s9999||||xx ||| |     ||   ||und||</controlfield>
  <datafield tag="040" ind1=" " ind2=" ">
    <subfield code="a">IT-RoPAU</subfield>
    <subfield code="c">IT-RoPAU</subfield>
  </datafield>
  <datafield tag="041" ind1=" " ind2=" ">
    <subfield code="a">IYALIANO</subfield>
  </datafield>
  <datafield tag="100" ind1=" " ind2=" ">
    <subfield code="a">Renoir Jean</subfield>
    <subfield code="g">Codice regista SPICS: 2117</subfield>
    <subfield code="9">37928</subfield>
  </datafield>
  <datafield tag="130" ind1=" " ind2=" ">
    <subfield code="a">TONI</subfield>
    <subfield code="9">37929</subfield>
  </datafield>
  <datafield tag="245" ind1=" " ind2=" ">
    <subfield code="a">TONI</subfield>
    <subfield code="c">Prodotto da: Pagnol Marcel -- Sceneggiatura: Renoir Jean Elinstein Carl Levert Jacques -- Diretto da: Renoir Jean</subfield>
    <subfield code="p">TONI (Rif. Codice opera principale : H8181)</subfield>
  </datafield>
  <datafield tag="250" ind1=" " ind2=" ">
    <subfield code="a">Edizione Standard</subfield>
  </datafield>
  <datafield tag="260" ind1=" " ind2=" ">
    <subfield code="a">(FRANCIA)</subfield>
    <subfield code="b">LES FILMS MARCEL PAGNOL / Distribuzione: MULTIMEDIA SAN PAOLO</subfield>
    <subfield code="g">"1935 (1&#xB0; ed.: 2008 ; Ed. Lingua Orig.: 1935)"</subfield>
  </datafield>
  <datafield tag="300" ind1=" " ind2=" ">
    <subfield code="a">DVD</subfield>
    <subfield code="b">sonoro, b&amp;w</subfield>
    <subfield code="c">81 minuti</subfield>
  </datafield>
  <datafield tag="508" ind1=" " ind2=" ">
    <subfield code="a">"Fotografia: Renoir Claude; Montaggio: De Troeye Suzanne; Musica: Bozzi Paul; Sceneggiatura: Renoir Jean Elinstein Carl Levert Jacques; Scenografia: Brouquier Marius; Soggetto: Mortier Jacques -- Renoir Jean"</subfield>
  </datafield>
  <datafield tag="511" ind1=" " ind2=" ">
    <subfield code="a">"Blavette Charles; Helia Jenny; Montalvan Celia; Delmont Edouard; Dalban Max; Bozzi P"</subfield>
  </datafield>
  <datafield tag="520" ind1=" " ind2=" ">
    <subfield code="a">TONI, E' UN OPERAIO ITALIANO, VENUTO A LAVORARE IN PROVENZA IN UNA CAVA DIPIETRA. DIVENUTO AMANTE DELLA SUA PADRONA DI CASA, LA SPOSA, ANCHE SE E' INNAMORATO DI JOSEPHA, UNA SPAGNOLA COSTRETTA DAL PADRE A SPOSARE IL SUO VIOLENTATORE, ALBERT. UNA NOTTE JOSEPHA, MENTRE IL MARITO DORME, CERCA DI SOTTRARGLI DEL DENARO PER FUGGIRE CON TONI, MA ALBERT REAGISCE E, NELLO SCONTRO, VIENE UCCISO DALLA DONNA. SORPRESI MENTRE SEPPELLISCONO IL CADAVERE, TONISI CONFESSA COLPEVOLE.</subfield>
  </datafield>
  <datafield tag="538" ind1=" " ind2=" ">
    <subfield code="a">PAL, STEREO</subfield>
  </datafield>
  <datafield tag="546" ind1=" " ind2=" ">
    <subfield code="a">IYALIANO</subfield>
  </datafield>
  <datafield tag="650" ind1=" " ind2=" ">
    <subfield code="a">DRAMMATICO</subfield>
    <subfield code="e">DVD-FILM [DVD]</subfield>
    <subfield code="x">Codice MATERIA SPICS: 9947</subfield>
    <subfield code="9">37930</subfield>
  </datafield>
  <datafield tag="700" ind1=" " ind2=" ">
    <subfield code="a">Bozzi Paul</subfield>
    <subfield code="e">(musica)</subfield>
    <subfield code="g">Codice Musica SPICS: 59256</subfield>
    <subfield code="9">37931</subfield>
  </datafield>
  <datafield tag="700" ind1=" " ind2=" ">
    <subfield code="a">Mortier Jacques </subfield>
    <subfield code="e">(soggetto)</subfield>
    <subfield code="g">Codice Soggetto SPICS: 59255</subfield>
    <subfield code="9">37932</subfield>
  </datafield>
  <datafield tag="700" ind1=" " ind2=" ">
    <subfield code="a">Renoir Jean </subfield>
    <subfield code="e">(regista)</subfield>
    <subfield code="g">Codice regista SPICS: 2117</subfield>
    <subfield code="9">37933</subfield>
  </datafield>
  <datafield tag="700" ind1=" " ind2=" ">
    <subfield code="a">Renoir Jean </subfield>
    <subfield code="e">(soggetto)</subfield>
    <subfield code="g">Codice Soggetto 2&#xB0; SPICS: 2117</subfield>
    <subfield code="9">37934</subfield>
  </datafield>
  <datafield tag="942" ind1=" " ind2=" ">
    <subfield code="c">DV</subfield>
    <subfield code="2">ddc</subfield>
  </datafield>
  <datafield tag="999" ind1=" " ind2=" ">
    <subfield code="c">104834</subfield>
    <subfield code="d">104834</subfield>
  </datafield>
  <datafield tag="952" ind1=" " ind2=" ">
    <subfield code="0">0</subfield>
    <subfield code="1">0</subfield>
    <subfield code="4">0</subfield>
    <subfield code="6">H_8181_000000000000000</subfield>
    <subfield code="7">1</subfield>
    <subfield code="a">SPICS</subfield>
    <subfield code="b">SPICS</subfield>
    <subfield code="d">2015-01-31</subfield>
    <subfield code="l">0</subfield>
    <subfield code="o">H8181</subfield>
    <subfield code="r">2015-01-31 00:00:00</subfield>
    <subfield code="w">2015-01-31</subfield>
    <subfield code="y">DV</subfield>
    <subfield code="z">Progr. Ins.: 3699 / N.Vol.:1 / Copie: 1 / Pag.:0 / Copia rara: n.d. / date import: 1.2.2015 / By Epidotti, Trombetti, Vaglietti</subfield>
  </datafield>
</record>
